01339nam a22001697a 4500008004100000020001500041050002400056100002400080245004800104250001000152260003400162300003900196500002000235505087800255650001301133700002301146140610b xxu||||| |||| 00| 0 eng d a0072472472 aHF5548.4.M525 M5375 aO'Leary, Timothy J. aMicrosoft Office XP. /cTimothy J. O'Leary. avol.1 aBoston:bMcGraw- Hill,c2002. axxxi, various pgs.;bill. :c28cm. aIncludes index. aContents: Introduction to computer essentials -- Windows 2000 basic skills -- Organizing your work -- Introduction to the internet and web -- Introduction to Microsoft office XP -- Overview of word 2002 -- Creating and editing a document -- Revising and refining a document -- Creating reports and tables -- overview to excel 2002 -- Creating and editing a worksheet -- Charting worksheet data -- Managing and analyzing a workbook -- Overview to access 2002 -- Creating a database -- Modifying a table and creating a form -- Analyzing data and creating reports -- Overview to powerpoint -- Creating a presentation -- Modifying and refining a presentation -- Working together: Word and your browser -- Working together: Linking, embedding, and e-mailing -- Working together: Linking access and word -- Working together: Copying, embedding, and linking between applications. aComputer aO'Leary, Linda I.